000 00639cam a22002291 4500
001 sa 68016981
003 DLC
005 20260227112659.0
008 890515s1967 ii 000 0 telo
010 _asa 68016981
035 _a(OCoLC)19707551
040 _aDLC
_cWaU
_dDLC
042 _apremarc
050 0 0 _aPL4780.9.K265
_bP3
100 0 _aKamalasanudu,
_d1935-
245 1 0 _aPārijātāpaharaṇamu.
260 _c[1967]
300 _a100 p.
_c19 cm.
500 _aProse version of Nandi Timmana's Pārijātāpaharaṇamu.
500 _aIn Telugu.
700 0 _aNandi Timmana,
_dactive 16th century.
_tPārijātāpaharaṇamu.
999 _c87441
_d87441